00467 2200181 4500001002100000005001500021035002000036245006600056100001200122250000600134300003200140260004500172082000800217084001400225020002200239600001200261990001200273INLIS00000000000336720260211125505 a0010-02260000331 aBUDIDAYA DAN MANFAAT :bWortel, Sirsak dan Alpukat /cKardono0 aKardono a1 a64 hlm :bs ;c17,5 x 25 cm aJakarta :bPT. Armandelta Selaras,c2010 a630 a630 KAR b a978-979-050-086-0 4aKardono a0750958